ARRUPE JESUIT UNIVERSITY

CORONAVIRUS -STOP THE SPREAD - CLEAN,DISINFECT,COVER

Le jeune homme de sable : (Record no. 118578)

MARC details
000 -LEADER
fixed length control field 00664nam a2200241 i 4500
001 - CONTROL NUMBER
control field 396602
003 - CONTROL NUMBER IDENTIFIER
control field ARRUPE
005 - DATE AND TIME OF LATEST TRANSACTION
control field 20131107164922.0
008 - FIXED-LENGTH DATA ELEMENTS--GENERAL INFORMATION
fixed length control field 800320s1979 fr 000 1 fre
010 ## - LIBRARY OF CONGRESS CONTROL NUMBER
LC control number 79121708
015 ## - NATIONAL BIBLIOGRAPHY NUMBER
National bibliography number F***
020 ## - INTERNATIONAL STANDARD BOOK NUMBER
International Standard Book Number 2708703684 :
Terms of availability 36.00F
040 ## - CATALOGING SOURCE
Original cataloging agency DLC
Transcribing agency DLC
Modifying agency DLC
050 00 - LIBRARY OF CONGRESS CALL NUMBER
Classification number PQ3989.2.S26
Item number J4
082 00 - DEWEY DECIMAL CLASSIFICATION NUMBER
Classification number 843
300 ## - PHYSICAL DESCRIPTION
Dimensions 20 cm.
100 1# - MAIN ENTRY--PERSONAL NAME
Personal name Sassine, Williams,
Dates associated with a name 1944-
9 (RLIN) 3494
245 13 - TITLE STATEMENT
Title Le jeune homme de sable :
Remainder of title roman /
Statement of responsibility, etc Williams Sassine.
260 ## - PUBLICATION, DISTRIBUTION, ETC. (IMPRINT)
Place of publication, distribution, etc Paris :
Name of publisher, distributor, etc Présence africaine,
Date of publication, distribution, etc c1979.
300 ## - PHYSICAL DESCRIPTION
Extent 185 p. ;
490 0# - SERIES STATEMENT
Series statement Écrits
906 ## - LOCAL DATA ELEMENT F, LDF (RLIN)
a 7
b cbc
c orignew
d 4
e ncip
f 19
g y-gencatlg
942 ## - ADDED ENTRY ELEMENTS (KOHA)
Source of classification or shelving scheme Library of Congress Classification
Koha item type Monograph ( Printed materials)
Holdings
Withdrawn status Lost status Source of classification or shelving scheme Damaged status Not for loan Home library Current library Date acquired Total Checkouts Full call number Barcode Date last seen Price effective from Koha item type
    Library of Congress Classification     ARRUPE LIBRARY ARRUPE LIBRARY 07/11/2013   PR9376.9.S35 J4 1979 46410934 07/11/2013 07/11/2013 Monograph ( Printed materials)

 

Arrupe Library. PO Box MP320 Mt Pleasant, Harare, Zimbabwe
263 242 745411|librarian@aju.ac.zw